| 000 | 00777cam a22002653a 4500 | ||
|---|---|---|---|
| 001 | 25857 | ||
| 003 | PGUSA | ||
| 005 | 20140828083545.0 | ||
| 008 | 080620s2008||||xxu|||||s|||||000 1 eng d | ||
| 040 |
_aPGUSA _beng |
||
| 042 | _adc | ||
| 050 | 4 | _aPZ | |
| 100 | 1 |
_aWells, Carolyn, _d1862-1942 |
|
| 245 | 1 | 0 |
_aPatty's Social Season _h[electronic resource] / _cCarolyn Wells |
| 260 |
_bProject Gutenberg, _c2008 |
||
| 506 | _aPublic domain in the USA. | ||
| 516 | _aElectronic text | ||
| 653 | _aYoung women -- Juvenile fiction | ||
| 653 | _aFriendship -- Juvenile fiction | ||
| 653 | _aFamily -- Juvenile fiction | ||
| 653 | _aEntertaining -- Juvenile fiction | ||
| 830 | 0 |
_aProject Gutenberg _v25857 |
|
| 856 | 4 | 0 | _uhttp://www.gutenberg.org/ebooks/25857 |
| 942 | _cEB | ||
| 999 |
_c255112 _d255112 |
||